Subjektívnosť opisu

Bibliographic Details
Main Author: Findra, Ján, 1934-2019 (Author)
Format: Article
Language:Slovak
Subjects:

MARC

LEADER 00000nab a2200000 a 4500
001 vtls000609505
003 SK-MaSNL
005 20260304091454.0
008 250425c1997 xo 0 slo
015 |a SNBRB19rr/mm-uuuuu 
035 |a CL0609644 
035 |a urn:nbn:sk:snk-abfv2 
035 |a (urnnbn)urn:nbn:sk:snk:ar-a04z2e 
035 |a (uuid)821e4ad7-d0ea-4749-b8cd-0c2859f0965a 
040 |a SNKBUCL  |b slo  |c SNKBUCL  |e AACR2 
041 0 |a slo 
044 |a xo  |c SK 
080 |a 801.68  |2 1981 
100 1 |a Findra, Ján,  |d 1934-2019  |4 aut  |9 187447 
245 1 0 |a Subjektívnosť opisu  |c Ján Findra 
650 0 7 |a opis  |2 snkbucl  |9 883127 
650 0 7 |a slohové postupy  |2 snkbucl  |9 58912 
655 7 |a články z novín a časopisov  |2 snkbucl  |9 267496 
773 0 |t Slovenský jazyk a literatúra v škole  |g Roč. 43, č. 1-2 (1996/1997), s. 2-8 
850 |a Slovenská národná knižnica 
852 |a Slovenská národná knižnica 
954 |a odborná, vedecká literatúra pôvodná (slovenská)  |2 lita 
958 |a article27 
958 |a RK 
958 |a OND 
958 |a EUIPO 
999 |c 2815519  |d 2817449